| 000 | 00415nam a22001337a 4500 | ||
|---|---|---|---|
| 082 | _aP-580 | ||
| 100 |
_aAdnan Arshad. _947666 |
||
| 245 |
_aPlanning & scheduling, value engineering, health & safety & risk management (D-type apartments risalpur cantt)/ _bAdnan Arshad, Aqib Iaved. |
||
| 260 |
_aMCE _c2014. |
||
| 526 |
_a0 _b0 _c0 _dP_580 |
||
| 650 | _aProject. | ||
| 700 |
_aShahnila Gul. _947685 |
||
| 942 |
_2ddc _cBK |
||
| 999 |
_c550851 _d550851 |
||